[Event "HSG Open 2018"]
[Site "Hilversum"]
[Date "2018.06.22"]
[Round "2.11"]
[White "De Ruiter, Danny"]
[Black "Elgersma, Onno"]
[Result "1-0"]
[BlackElo "2113"]
[WhiteElo "2303"]
[LiveChessVersion "1.4.8"]

1. Nf3 {[%clk 1:49:56]} Nf6 {[%clk 1:49:58]} 2. g3 {[%clk 1:49:45]} e6
{[%clk 1:49:39]} 3. Bg2 {[%clk 1:49:31]} Be7 {[%clk 1:49:09]} 4. O-O
{[%clk 1:49:29]} O-O {[%clk 1:48:57]} 5. c4 {[%clk 1:49:20]} d5 {[%clk 1:47:53]}
6. b3 {[%clk 1:47:47]} c5 {[%clk 1:43:43]} 7. Bb2 {[%clk 1:47:37]} Nc6
{[%clk 1:42:57]} 8. e3 {[%clk 1:43:29]} b6 {[%clk 1:37:33]} 9. Nc3
{[%clk 1:41:44]} Bb7 {[%clk 1:36:36]} 10. cxd5 {[%clk 1:37:42]} exd5
{[%clk 1:32:30]} 11. d4 {[%clk 1:34:42]} a6 {[%clk 1:14:48]} 12. Qd3
{[%clk 1:28:57]} Ra7 {[%clk 1:08:19]} 13. Rfd1 {[%clk 1:27:32]} Qa8
{[%clk 1:04:17]} 14. Nh4 {[%clk 1:17:02]} cxd4 {[%clk 0:58:17]} 15. exd4
{[%clk 1:17:01]} Rd8 {[%clk 0:57:03]} 16. Nf5 {[%clk 1:15:40]} Bf8
{[%clk 0:54:36]} 17. Bc1 {[%clk 1:15:38]} Nb4 {[%clk 0:49:45]} 18. Qf3
{[%clk 1:14:19]} Ne4 {[%clk 0:48:03]} 19. Na4 {[%clk 1:07:35]} b5
{[%clk 0:39:59]} 20. Nb6 {[%clk 1:07:38]} Qb8 {[%clk 0:40:03]} 21. Bf4
{[%clk 1:07:42]} Nd6 {[%clk 0:39:48]} 22. a4 {[%clk 1:06:39]} bxa4
{[%clk 0:32:34]} 23. Nxa4 {[%clk 1:05:23]} Qc8 {[%clk 0:31:42]} 24. Bxd6
{[%clk 1:04:16]} Bxd6 {[%clk 0:31:12]} 25. Rac1 {[%clk 0:58:22]} Qe6
{[%clk 0:28:34]} 26. Re1 {[%clk 0:58:27]} Qf6 {[%clk 0:28:05]} 27. Nxd6
{[%clk 0:58:31]} Qxd6 {[%clk 0:28:09]} 28. Rc5 {[%clk 0:58:34]} Bc6
{[%clk 0:27:28]} 29. Nc3 {[%clk 0:57:51]} Nc2 {[%clk 0:25:26]} 30. Rd1
{[%clk 0:51:12]} Nxd4 {[%clk 0:25:05]} 31. Rxd4 {[%clk 0:51:16]} Qxc5
{[%clk 0:24:54]} 32. Qe3 {[%clk 0:51:26]} Re7 {[%clk 0:23:37]} 33. Qd2
{[%clk 0:50:18]} Red7 {[%clk 0:18:34]} 34. b4 {[%clk 0:49:06]} Qb6
{[%clk 0:16:03]} 35. Bh3 {[%clk 0:48:17]} Rd6 {[%clk 0:12:31]} 36. Bf1
{[%clk 0:46:38]} Bb7 {[%clk 0:11:53]} 37. Na4 {[%clk 0:45:40]} Qc7
{[%clk 0:11:30]} 38. Bd3 {[%clk 0:44:40]} Bc8 {[%clk 0:09:34]} 39. Nc3
{[%clk 0:43:48]} Qe7 {[%clk 0:09:05]} 40. Bf1 {[%clk 0:41:42]} Qe5
{[%clk 0:08:01]} 41. Nd1 {[%clk 0:41:12]} Be6 {[%clk 0:07:38]} 42. Ne3
{[%clk 0:41:15]} R6d7 {[%clk 0:06:12]} 43. Bxa6 {[%clk 0:40:32]} Qd6
{[%clk 0:04:25]} 44. Bf1 {[%clk 0:40:26]} Qb6 {[%clk 0:04:23]} 45. Bg2
{[%clk 0:39:17]} Qc6 {[%clk 0:02:56]} 46. Bf1 {[%clk 0:38:34]} Rc7
{[%clk 0:02:28]} 47. Kg2 {[%clk 0:36:44]} Qc1 {[%clk 0:01:49]} 48. Qd3
{[%clk 0:36:53]} Qc3 {[%clk 0:01:27]} 49. Qd1 {[%clk 0:37:02]} Rb7
{[%clk 0:01:13]} 50. b5 {[%clk 0:36:39]} Qc5 {[%clk 0:01:07]} 51. Kg1
{[%clk 0:35:11]} Ra7 {[%clk 0:00:54]} 52. Kg2 {[%clk 0:33:39]} Qc8
{[%clk 0:00:21]} 53. b6 {[%clk 0:32:52]} Ra5 {[%clk 0:00:19]} 54. Bd3
{[%clk 0:31:09]} Qc5 {[%clk 0:00:18]} 55. b7 {[%clk 0:30:25]} g6 {[%clk 0:00:14]}
56. Be2 {[%clk 0:28:21]} Qb6 {[%clk 0:00:15]} 57. Qd2 {[%clk 0:28:10]} Ra7
{[%clk 0:00:12]} 58. Bf3 {[%clk 0:26:59]} Qxb7 {[%clk 0:00:16]} 59. Nxd5
{[%clk 0:26:10]} Bxd5 {[%clk 0:00:16]} 60. Bxd5 {[%clk 0:26:18]} Qe7
{[%clk 0:00:16]} 61. Bxf7+ {[%clk 0:26:20]} Kxf7 {[%clk 0:00:25]} 62. Rxd8
{[%clk 0:26:15]} Qb7+ {[%clk 0:00:25]} 63. f3 {[%clk 0:24:06]} Qb3
{[%clk 0:00:19]} 64. Qf4+ {[%clk 0:23:48]} Ke7 {[%clk 0:00:15]} 65. Rd4
{[%clk 0:19:38]} Ra2+ {[%clk 0:00:17]} 66. Kh3 {[%clk 0:19:42]} Ra6
{[%clk 0:00:21]} 67. Qc7+ {[%clk 0:19:17]} Kf6 {[%clk 0:00:16]} 68. Rf4+
{[%clk 0:19:20]} Kg5 {[%clk 0:00:23]} 69. Qe7+ {[%clk 0:19:25]} Kh5
{[%clk 0:00:15]} 70. Rh4# {[%clk 0:19:33]} 1-0

[Event "HSG Open 2018"]
[Site "Hilversum"]
[Date "2018.06.22"]
[Round "2.12"]
[White "Mesman, Edwyn"]
[Black "Voege, Tobias"]
[Result "0-1"]
[BlackElo "2301"]
[WhiteElo "2120"]
[LiveChessVersion "1.4.8"]

1. d4 {[%clk 1:50:16]} e6 {[%clk 1:49:44]} 2. c4 {[%clk 1:50:17]} Bb4+
{[%clk 1:49:50]} 3. Nc3 {[%clk 1:46:31]} f5 {[%clk 1:49:50]} 4. Bd2
{[%clk 1:46:11]} Nf6 {[%clk 1:49:41]} 5. Nf3 {[%clk 1:45:43]} O-O
{[%clk 1:49:32]} 6. g3 {[%clk 1:45:38]} b6 {[%clk 1:47:51]} 7. Bg2
{[%clk 1:45:30]} Bb7 {[%clk 1:47:56]} 8. O-O {[%clk 1:44:59]} Bxc3
{[%clk 1:47:21]} 9. Bxc3 {[%clk 1:42:59]} Ne4 {[%clk 1:47:22]} 10. Be1
{[%clk 1:35:39]} d6 {[%clk 1:41:47]} 11. Nd2 {[%clk 1:22:03]} Qf6
{[%clk 1:27:21]} 12. Nxe4 {[%clk 1:16:12]} Bxe4 {[%clk 1:24:39]} 13. f3
{[%clk 0:57:06]} Bb7 {[%clk 1:24:35]} 14. e4 {[%clk 0:54:56]} Qg6
{[%clk 1:19:35]} 15. d5 {[%clk 0:37:37]} fxe4 {[%clk 1:16:38]} 16. fxe4
{[%clk 0:37:24]} Rxf1+ {[%clk 1:15:57]} 17. Kxf1 {[%clk 0:36:25]} Nd7
{[%clk 1:03:03]} 18. Kg1 {[%clk 0:32:24]} a5 {[%clk 0:44:52]} 19. Bf2
{[%clk 0:25:15]} Nf6 {[%clk 0:41:10]} 20. Qf3 {[%clk 0:17:18]} Rf8
{[%clk 0:38:30]} 21. Bh3 {[%clk 0:15:26]} Bc8 {[%clk 0:35:36]} 22. Re1
{[%clk 0:15:04]} Nxd5 {[%clk 0:26:03]} 23. Qxf8+ {[%clk 0:05:30]} Kxf8
{[%clk 0:26:08]} 24. exd5 {[%clk 0:05:30]} Qh5 {[%clk 0:22:52]} 25. Kg2
{[%clk 0:04:24]} Ba6 {[%clk 0:19:44]} 26. Bxe6 {[%clk 0:00:47]} Bxc4
{[%clk 0:19:09]} 27. g4 {[%clk 0:00:54]} Qg5 {[%clk 0:18:12]} 28. Be3
{[%clk 0:00:23]} Qe5 {[%clk 0:16:02]} 29. Kg1 {[%clk 0:00:13]} Qxb2
{[%clk 0:13:04]} 30. Bf2 {[%clk 0:00:12]} Qxa2 {[%clk 0:12:31]} 31. Re4
{[%clk 0:00:11]} Bxd5 {[%clk 0:11:55]} 0-1

[Event "HSG Open 2018"]
[Site "Hilversum"]
[Date "2018.06.23"]
[Round "3.1"]
[White "Van Foreest, Jorden"]
[Black "Petrisor, Adrian-Marian"]
[Result "1/2-1/2"]
[BlackElo "2400"]
[WhiteElo "2641"]
[LiveChessVersion "1.4.8"]

1. e4 {[%clk 1:49:41]} e5 {[%clk 1:50:02]} 2. Nf3 {[%clk 1:49:45]} Nc6
{[%clk 1:50:07]} 3. Bb5 {[%clk 1:49:51]} Nf6 {[%clk 1:50:07]} 4. d3
{[%clk 1:49:58]} Bc5 {[%clk 1:50:08]} 5. Bxc6 {[%clk 1:49:42]} dxc6
{[%clk 1:49:51]} 6. Nc3 {[%clk 1:49:44]} Qe7 {[%clk 1:45:36]} 7. Be3
{[%clk 1:49:47]} Bxe3 {[%clk 1:39:25]} 8. fxe3 {[%clk 1:49:52]} Bg4
{[%clk 1:39:30]} 9. Qd2 {[%clk 1:48:05]} O-O-O {[%clk 1:38:29]} 10. O-O-O
{[%clk 1:45:36]} c5 {[%clk 1:36:41]} 11. h3 {[%clk 1:39:19]} Bd7 {[%clk 1:26:55]}
12. g4 {[%clk 1:39:08]} Bc6 {[%clk 1:26:57]} 13. Qh2 {[%clk 1:39:09]} Rhe8
{[%clk 1:22:19]} 14. Nd2 {[%clk 1:35:54]} b5 {[%clk 1:19:03]} 15. Rhf1
{[%clk 1:35:28]} Nd7 {[%clk 1:14:17]} 16. Nb3 {[%clk 1:26:32]} b4
{[%clk 1:12:29]} 17. Nd5 {[%clk 1:25:26]} Qe6 {[%clk 1:11:42]} 18. d4
{[%clk 1:24:05]} c4 {[%clk 1:07:17]} 19. Nxc7 {[%clk 1:06:00]} Kxc7
{[%clk 1:05:02]} 20. d5 {[%clk 1:05:55]} Qh6 {[%clk 0:48:02]} 21. dxc6
{[%clk 1:04:21]} cxb3 {[%clk 0:48:03]} 22. Rxd7+ {[%clk 0:41:17]} Kxc6
{[%clk 0:45:59]} 23. Rd5 {[%clk 0:41:16]} bxa2 {[%clk 0:44:06]} 24. Kd2
{[%clk 0:41:21]} Rxd5+ {[%clk 0:40:06]} 25. exd5+ {[%clk 0:41:28]} Kxd5
{[%clk 0:40:10]} 26. Qe2 {[%clk 0:25:27]} Kc5 {[%clk 0:39:29]} 27. Ra1
{[%clk 0:25:20]} Rd8+ {[%clk 0:39:02]} 28. Kc1 {[%clk 0:25:29]} b3
{[%clk 0:30:48]} 29. Qe1 {[%clk 0:21:51]} Kb5 {[%clk 0:28:26]} 30. Qc3
{[%clk 0:16:01]} Qe6 {[%clk 0:27:31]} 31. Qxb3+ {[%clk 0:09:31]} Qxb3
{[%clk 0:27:35]} 32. cxb3 {[%clk 0:09:37]} Rd3 {[%clk 0:27:25]} 33. Rxa2
{[%clk 0:09:42]} a5 {[%clk 0:27:08]} 34. Ra4 {[%clk 0:08:55]} Rxe3
{[%clk 0:26:42]} 35. Rc4 {[%clk 0:08:37]} Kb6 {[%clk 0:23:16]} 36. b4
{[%clk 0:08:28]} axb4 {[%clk 0:22:35]} 37. Rxb4+ {[%clk 0:08:33]} Kc6
{[%clk 0:22:42]} 38. h4 {[%clk 0:08:15]} Rh3 {[%clk 0:19:22]} 39. h5
{[%clk 0:07:24]} Rh4 {[%clk 0:15:01]} 40. b3 {[%clk 0:07:30]} h6 {[%clk 0:08:37]}
41. Ra4 {[%clk 0:06:35]} Rh3 {[%clk 0:07:08]} 42. Ra7 {[%clk 0:04:10]} Rf3
{[%clk 0:04:45]} 43. Kd2 {[%clk 0:04:09]} Kd5 {[%clk 0:03:58]} 44. b4
{[%clk 0:03:29]} Rf4 {[%clk 0:03:39]} 45. b5 {[%clk 0:03:14]} Kc5
{[%clk 0:02:52]} 46. Re7 {[%clk 0:02:44]} Kxb5 {[%clk 0:02:57]} 47. Rxe5+
{[%clk 0:02:52]} Kc6 {[%clk 0:03:05]} 48. g5 {[%clk 0:03:01]} Kd6
{[%clk 0:02:28]} 49. Ra5 {[%clk 0:02:57]} Ke7 {[%clk 0:01:28]} 50. Ra7+
{[%clk 0:03:04]} Kf8 {[%clk 0:01:09]} 51. Ra8+ {[%clk 0:03:10]} Ke7
{[%clk 0:01:18]} 52. Ra7+ {[%clk 0:03:17]} Kf8 {[%clk 0:00:48]} 1/2-1/2

[Event "HSG Open 2018"]
[Site "Hilversum"]
[Date "2018.06.23"]
[Round "3.2"]
[White "Warmerdam, Max"]
[Black "Guliyev, Namig"]
[Result "1/2-1/2"]
[BlackElo "2547"]
[WhiteElo "2370"]
[LiveChessVersion "1.4.8"]

1. e4 {[%clk 1:50:17]} e5 {[%clk 1:46:33]} 2. Nf3 {[%clk 1:50:22]} Nf6
{[%clk 1:46:38]} 3. Nxe5 {[%clk 1:48:53]} d6 {[%clk 1:46:40]} 4. Nf3
{[%clk 1:48:59]} Nxe4 {[%clk 1:46:45]} 5. Nc3 {[%clk 1:45:27]} Nf6
{[%clk 1:46:44]} 6. d4 {[%clk 1:45:28]} Be7 {[%clk 1:46:49]} 7. Bd3
{[%clk 1:44:22]} O-O {[%clk 1:45:22]} 8. h3 {[%clk 1:43:16]} Re8 {[%clk 1:45:18]}
9. O-O {[%clk 1:42:45]} b6 {[%clk 1:45:24]} 10. Bf4 {[%clk 1:24:34]} Bb7
{[%clk 1:45:23]} 11. Re1 {[%clk 1:24:25]} Nbd7 {[%clk 1:45:25]} 12. Re3
{[%clk 1:23:44]} a6 {[%clk 1:42:11]} 13. Qe2 {[%clk 1:20:33]} Bf8
{[%clk 1:38:48]} 14. Re1 Rxe3 {[%clk 1:38:04]} 15. Qxe3 {[%clk 1:01:16]} b5
{[%clk 1:36:49]} 16. Bg5 {[%clk 0:59:23]} h6 {[%clk 1:31:19]} 17. Bh4
{[%clk 0:58:02]} g6 {[%clk 1:25:16]} 18. Nd2 {[%clk 0:53:17]} Bg7
{[%clk 1:21:06]} 19. Be4 {[%clk 0:49:52]} c6 {[%clk 1:16:28]} 20. Bf3
{[%clk 0:46:52]} Qb6 {[%clk 1:12:17]} 21. Qd3 {[%clk 0:41:14]} Re8
{[%clk 1:05:41]} 22. Rxe8+ {[%clk 0:41:19]} Nxe8 {[%clk 1:05:45]} 23. Ne2
{[%clk 0:41:16]} Nef6 {[%clk 0:59:34]} 24. Bg3 {[%clk 0:34:45]} d5
{[%clk 0:53:39]} 25. Bd6 {[%clk 0:12:51]} c5 {[%clk 0:48:52]} 26. dxc5
{[%clk 0:12:55]} Nxc5 {[%clk 0:48:56]} 27. Bxc5 {[%clk 0:13:02]} Qxc5
{[%clk 0:48:59]} 28. Nb3 {[%clk 0:13:08]} Qb6 {[%clk 0:48:42]} 29. Nc3
{[%clk 0:12:24]} b4 {[%clk 0:44:57]} 30. Nxd5 {[%clk 0:09:42]} Nxd5
{[%clk 0:44:57]} 31. Bxd5 {[%clk 0:09:47]} Bxd5 {[%clk 0:44:58]} 32. Qxd5
{[%clk 0:09:52]} Bxb2 {[%clk 0:44:46]} 33. Nc5 {[%clk 0:08:19]} Kg7
{[%clk 0:43:30]} 34. Nd3 {[%clk 0:03:39]} Bc3 {[%clk 0:42:32]} 35. g3
{[%clk 0:01:49]} a5 {[%clk 0:39:13]} 36. Kg2 {[%clk 0:01:22]} a4 {[%clk 0:36:00]}
37. Qd7 {[%clk 0:01:05]} a3 {[%clk 0:35:16]} 38. Qd5 {[%clk 0:00:40]} Qa7
{[%clk 0:34:26]} 39. Nc5 {[%clk 0:00:40]} Qc7 40. Nd3 Qe7 {[%clk 0:34:10]} 41.
Kf1 {[%clk 0:00:37]} Qe8 42. Kg2 Kg8 {[%clk 0:30:19]} 43. Kf1 {[%clk 0:00:31]}
Qa4 {[%clk 0:30:06]} 44. Qb3 {[%clk 0:00:14]} Qc6 {[%clk 0:30:09]} 45. Kg1
{[%clk 0:00:22]} Qe4 {[%clk 0:29:47]} 46. Qa4 {[%clk 0:00:16]} Qe6
{[%clk 0:29:28]} 47. Qb3 {[%clk 0:00:25]} Qe4 {[%clk 0:24:56]} 48. Qa4
{[%clk 0:00:34]} g5 {[%clk 0:24:21]} 49. Kh2 {[%clk 0:00:22]} Kg7
{[%clk 0:24:17]} 50. Kg1 h5 51. Qb3 {[%clk 0:00:33]} h4 {[%clk 0:19:29]} 52. gxh4
{[%clk 0:00:42]} gxh4 {[%clk 0:18:57]} 53. Qb1 {[%clk 0:00:51]} Kf6
{[%clk 0:18:28]} 54. Qd1 {[%clk 0:00:42]} Qe6 {[%clk 0:15:56]} 55. Nxb4
{[%clk 0:00:38]} Bxb4 {[%clk 0:15:14]} 56. Qd4+ {[%clk 0:00:47]} Kf5
{[%clk 0:14:49]} 57. Qg4+ {[%clk 0:00:35]} Ke5 {[%clk 0:14:49]} 58. Qxb4
{[%clk 0:00:44]} Qxa2 {[%clk 0:14:47]} 59. Qc5+ {[%clk 0:00:27]} Ke6
{[%clk 0:13:20]} 60. Qc6+ {[%clk 0:00:35]} Kf5 {[%clk 0:13:21]} 61. Qc5+
{[%clk 0:00:39]} Kg6 {[%clk 0:13:20]} 62. Qd6+ {[%clk 0:00:48]} f6
{[%clk 0:13:22]} 63. Qd3+ {[%clk 0:00:57]} Kg7 {[%clk 0:13:15]} 64. Qd7+
{[%clk 0:00:42]} Qf7 {[%clk 0:13:12]} 65. Qa4 {[%clk 0:00:51]} Qe7
{[%clk 0:12:40]} 66. Qg4+ {[%clk 0:00:29]} Kf7 {[%clk 0:12:14]} 67. Qh5+
{[%clk 0:00:38]} Ke6 {[%clk 0:12:03]} 68. Qe2+ {[%clk 0:00:47]} Kd6
{[%clk 0:11:24]} 69. Qa6+ {[%clk 0:00:49]} Kd5 {[%clk 0:11:23]} 70. Qd3+
{[%clk 0:00:55]} Ke6 {[%clk 0:10:42]} 71. Qc4+ {[%clk 0:00:45]} Kd7
{[%clk 0:09:57]} 72. Qb5+ {[%clk 0:00:54]} Kd6 {[%clk 0:08:23]} 73. Qb4+
{[%clk 0:00:56]} Ke6 {[%clk 0:08:30]} 74. Qc4+ {[%clk 0:01:05]} Kf5
{[%clk 0:08:17]} 75. Qg4+ {[%clk 0:01:14]} Ke5 {[%clk 0:08:17]} 76. Qe2+
{[%clk 0:01:23]} Kd6 {[%clk 0:08:18]} 77. Qa6+ {[%clk 0:01:31]} Kd5
{[%clk 0:08:03]} 78. Qd3+ {[%clk 0:01:40]} Kc6 {[%clk 0:07:37]} 79. Qa6+
{[%clk 0:01:49]} Kc7 {[%clk 0:07:38]} 80. Qa7+ {[%clk 0:01:46]} Kd8
{[%clk 0:07:46]} 81. Qb8+ {[%clk 0:01:53]} Kd7 {[%clk 0:07:52]} 82. Qb5+
{[%clk 0:02:02]} Kc7 {[%clk 0:07:51]} 83. Qa5+ {[%clk 0:02:09]} Kc8
{[%clk 0:07:11]} 84. Qa8+ {[%clk 0:01:36]} Kc7 {[%clk 0:07:06]} 85. Qa7+
{[%clk 0:01:45]} Kd8 {[%clk 0:07:13]} 86. Qb8+ {[%clk 0:01:54]} Kd7
{[%clk 0:07:17]} 87. Qb5+ {[%clk 0:02:02]} Kc8 {[%clk 0:07:09]} 88. Qa6+
{[%clk 0:02:11]} Kd8 {[%clk 0:07:13]} 89. Qa8+ {[%clk 0:02:19]} Kd7
{[%clk 0:07:21]} 90. Qa4+ {[%clk 0:02:28]} Ke6 {[%clk 0:07:24]} 91. Qc4+
{[%clk 0:02:37]} Kd7 {[%clk 0:07:16]} 92. Qa4+ {[%clk 0:02:45]} Kc7
{[%clk 0:07:07]} 93. Qa7+ {[%clk 0:02:53]} Kd8 {[%clk 0:07:16]} 94. Qb8+
{[%clk 0:02:54]} Kd7 {[%clk 0:07:24]} 95. Qb5+ {[%clk 0:03:03]} Ke6
{[%clk 0:07:30]} 96. Qc4+ {[%clk 0:03:12]} Kd7 {[%clk 0:07:37]} 97. Qb5+
{[%clk 0:03:22]} Ke6 {[%clk 0:07:46]} 98. Qc4+ {[%clk 0:03:31]} Ke5
{[%clk 0:07:51]} 99. Qe2+ {[%clk 0:03:40]} Kd6 {[%clk 0:07:58]} 100. Qa6+
{[%clk 0:03:46]} Kd5 {[%clk 0:08:00]} 101. Qd3+ {[%clk 0:03:52]} Kc6
{[%clk 0:07:56]} 102. Qa6+ {[%clk 0:04:01]} Kc7 {[%clk 0:08:04]} 103. Qa7+
{[%clk 0:04:11]} Kd8 {[%clk 0:08:13]} 104. Qb8+ {[%clk 0:04:19]} Kd7
{[%clk 0:08:22]} 105. Qb5+ {[%clk 0:04:28]} Kc7 {[%clk 0:08:28]} 106. Qa5+
{[%clk 0:04:37]} Kb8 {[%clk 0:08:35]} 107. Qb6+ {[%clk 0:04:46]} Kc8
{[%clk 0:08:44]} 108. Qa6+ {[%clk 0:04:50]} Kd8 {[%clk 0:08:53]} 109. Qa8+
{[%clk 0:04:56]} Kd7 {[%clk 0:09:01]} 110. Qa4+ {[%clk 0:05:05]} Ke6
{[%clk 0:09:04]} 111. Qc4+ {[%clk 0:04:42]} Kd7 {[%clk 1:50:10]} 1/2-1/2

[Event "HSG Open 2018"]
[Site "Hilversum"]
[Date "2018.06.23"]
[Round "3.3"]
[White "De Ruiter, Danny"]
[Black "Beerdsen, Thomas"]
[Result "0-1"]
[BlackElo "2454"]
[WhiteElo "2303"]
[LiveChessVersion "1.4.8"]

1. d4 {[%clk 1:50:16]} Nf6 {[%clk 1:48:54]} 2. c4 {[%clk 1:50:00]} e6
{[%clk 1:48:58]} 3. Nf3 {[%clk 1:50:05]} b6 {[%clk 1:48:26]} 4. g3
{[%clk 1:50:03]} Bb7 {[%clk 1:48:31]} 5. Bg2 {[%clk 1:49:39]} Be7
{[%clk 1:48:35]} 6. O-O {[%clk 1:49:42]} O-O {[%clk 1:48:41]} 7. Nc3
{[%clk 1:49:47]} Ne4 {[%clk 1:48:48]} 8. Bd2 {[%clk 1:49:23]} f5 {[%clk 1:48:51]}
9. Qc2 {[%clk 1:48:14]} Bf6 {[%clk 1:48:47]} 10. Rfd1 {[%clk 1:37:08]} d6
{[%clk 1:38:14]} 11. Be3 {[%clk 1:27:05]} Nd7 {[%clk 1:33:19]} 12. d5
{[%clk 1:21:29]} Bxc3 {[%clk 1:31:58]} 13. dxe6 {[%clk 1:15:54]} Ne5
{[%clk 1:27:39]} 14. bxc3 {[%clk 1:08:31]} Nxc4 {[%clk 1:27:27]} 15. Qb3
{[%clk 0:59:42]} d5 {[%clk 1:26:47]} 16. Qxc4 {[%clk 0:58:30]} dxc4
{[%clk 1:26:51]} 17. Rxd8 {[%clk 0:58:35]} Rfxd8 {[%clk 1:26:58]} 18. Nd4
{[%clk 0:58:36]} Rd5 {[%clk 1:07:34]} 19. g4 {[%clk 0:54:44]} g6 {[%clk 1:02:30]}
20. gxf5 {[%clk 0:54:39]} gxf5 {[%clk 1:02:25]} 21. Bf3 {[%clk 0:54:00]} Kg7
{[%clk 0:59:51]} 22. h4 {[%clk 0:46:57]} Rg8 {[%clk 0:57:01]} 23. Kh2
{[%clk 0:46:53]} Kf6 {[%clk 0:56:27]} 24. Bh5 {[%clk 0:44:01]} f4
{[%clk 0:55:39]} 25. Bf7 {[%clk 0:41:38]} Rg4 {[%clk 0:55:09]} 26. Kh3
{[%clk 0:40:48]} Rg7 {[%clk 0:48:06]} 27. Bxf4 {[%clk 0:34:41]} Rxd4
{[%clk 0:47:41]} 28. Be5+ {[%clk 0:31:58]} Kxe5 {[%clk 0:47:45]} 29. cxd4+
{[%clk 0:32:05]} Kxd4 {[%clk 0:46:29]} 30. f3 {[%clk 0:31:13]} Nd6
{[%clk 0:46:05]} 0-1

[Event "HSG Open 2018"]
[Site "Hilversum"]
[Date "2018.06.23"]
[Round "3.4"]
[White "Voege, Tobias"]
[Black "Arnaudov, G. Petar"]
[Result "1/2-1/2"]
[BlackElo "2445"]
[WhiteElo "2301"]
[LiveChessVersion "1.4.8"]

1. d4 {[%clk 1:50:15]} Nf6 {[%clk 1:50:15]} 2. c4 {[%clk 1:50:23]} e6
{[%clk 1:50:18]} 3. Nc3 {[%clk 1:50:29]} Bb4 {[%clk 1:50:22]} 4. Nf3
{[%clk 1:50:37]} b6 {[%clk 1:50:01]} 5. Bg5 {[%clk 1:50:42]} h6 {[%clk 1:50:05]}
6. Bh4 {[%clk 1:50:50]} g5 {[%clk 1:50:09]} 7. Bg3 {[%clk 1:50:57]} Ne4
{[%clk 1:50:12]} 8. Qc2 {[%clk 1:51:04]} Bb7 {[%clk 1:50:10]} 9. e3
{[%clk 1:51:09]} d6 {[%clk 1:50:10]} 10. Bd3 {[%clk 1:51:03]} Bxc3+
{[%clk 1:50:13]} 11. bxc3 {[%clk 1:51:07]} f5 {[%clk 1:50:17]} 12. d5
{[%clk 1:51:09]} Nd7 {[%clk 1:50:10]} 13. Nd4 {[%clk 1:51:06]} Ndc5
{[%clk 1:49:57]} 14. dxe6 {[%clk 1:50:38]} Qf6 {[%clk 1:49:12]} 15. f3
{[%clk 1:50:39]} Nxd3+ {[%clk 1:48:35]} 16. Qxd3 {[%clk 1:50:42]} f4
{[%clk 1:48:36]} 17. exf4 {[%clk 1:22:44]} Nc5 {[%clk 1:46:21]} 18. Qf5
{[%clk 1:17:35]} Qxf5 {[%clk 1:45:54]} 19. Nxf5 {[%clk 1:17:40]} gxf4
{[%clk 1:45:41]} 20. Bh4 {[%clk 1:17:14]} Nxe6 {[%clk 1:45:04]} 21. O-O-O
{[%clk 1:13:32]} Kd7 {[%clk 1:44:21]} 22. Rhe1 {[%clk 1:11:36]} Rae8
{[%clk 1:43:38]} 23. Rd2 {[%clk 1:07:52]} Rhf8 {[%clk 1:38:08]} 24. Nxh6
{[%clk 0:55:32]} Nc5 {[%clk 1:34:32]} 25. Ng4 {[%clk 0:50:11]} Rxe1+
{[%clk 1:34:14]} 26. Bxe1 {[%clk 0:50:12]} Ba6 {[%clk 1:33:03]} 27. Bf2
{[%clk 0:38:52]} Ne6 {[%clk 1:29:56]} 28. Kc2 {[%clk 0:36:56]} Kc6
{[%clk 1:29:53]} 29. Kb3 {[%clk 0:35:32]} Nc5+ {[%clk 1:29:31]} 30. Bxc5
{[%clk 0:34:02]} bxc5 {[%clk 1:29:08]} 31. Re2 {[%clk 0:32:29]} Rb8+
{[%clk 1:28:13]} 32. Ka3 {[%clk 0:31:42]} Bxc4 {[%clk 1:25:41]} 33. Re4
{[%clk 0:31:13]} Bf1 {[%clk 1:22:59]} 34. Rxf4 {[%clk 0:28:30]} Bxg2
{[%clk 1:22:56]} 35. h4 {[%clk 0:27:21]} Rh8 {[%clk 1:17:47]} 36. Nf6
{[%clk 0:25:57]} d5 {[%clk 1:12:11]} 37. c4 {[%clk 0:16:16]} dxc4
{[%clk 1:05:43]} 38. Ne4 {[%clk 0:14:49]} Bf1 {[%clk 0:58:32]} 39. Rf6+
{[%clk 0:09:55]} Kd5 {[%clk 0:58:22]} 40. Rf5+ {[%clk 0:09:30]} Kd4
{[%clk 0:58:15]} 41. Rxc5 {[%clk 0:09:08]} Rxh4 {[%clk 0:53:44]} 42. Rxc7
{[%clk 0:08:31]} Rh2 {[%clk 0:48:51]} 43. Rxa7 {[%clk 0:07:19]} Bd3
{[%clk 0:48:22]} 44. Rd7+ {[%clk 0:05:30]} Ke3 {[%clk 0:47:16]} 45. Rc7
{[%clk 0:05:15]} Rc2 {[%clk 0:42:39]} 46. Nd6 {[%clk 0:03:58]} c3
{[%clk 0:41:13]} 47. Ne4 {[%clk 0:01:27]} Bxe4 {[%clk 0:34:33]} 48. fxe4
{[%clk 0:01:35]} Kxe4 {[%clk 0:32:15]} 49. Kb3 {[%clk 0:01:31]} Rb2+
{[%clk 0:32:15]} 50. Kxc3 {[%clk 0:01:35]} Rxa2 {[%clk 0:32:22]} 1/2-1/2

[Event "HSG Open 2018"]
[Site "Hilversum"]
[Date "2018.06.23"]
[Round "3.5"]
[White "De Rover, Yong Hoon"]
[Black "Lanchava, Tea"]
[Result "0-1"]
[BlackElo "2297"]
[WhiteElo "2415"]
[LiveChessVersion "1.4.8"]

1. e4 {[%clk 1:50:10]} c6 {[%clk 1:48:51]} 2. d4 {[%clk 1:49:55]} g6
{[%clk 1:48:55]} 3. Nc3 {[%clk 1:48:21]} Bg7 {[%clk 1:48:55]} 4. Nf3
{[%clk 1:47:37]} d6 {[%clk 1:48:55]} 5. Be3 {[%clk 1:47:08]} b5 {[%clk 1:48:05]}
6. Bd3 {[%clk 1:43:51]} Nd7 {[%clk 1:47:01]} 7. O-O {[%clk 1:43:18]} a6
{[%clk 1:42:57]} 8. h3 {[%clk 1:40:35]} e5 {[%clk 1:39:13]} 9. dxe5
{[%clk 1:31:33]} dxe5 {[%clk 1:38:53]} 10. a4 {[%clk 1:29:34]} Rb8
{[%clk 1:36:47]} 11. axb5 {[%clk 1:18:50]} axb5 {[%clk 1:36:45]} 12. b4
{[%clk 1:18:25]} Ngf6 {[%clk 1:34:31]} 13. Ne2 {[%clk 1:16:03]} Qe7
{[%clk 1:32:19]} 14. Qd2 {[%clk 1:08:32]} O-O {[%clk 1:28:52]} 15. Ra7
{[%clk 1:07:53]} Bb7 {[%clk 1:28:31]} 16. Rfa1 {[%clk 1:07:15]} Rfd8
{[%clk 1:27:14]} 17. R1a5 {[%clk 0:58:28]} Qd6 {[%clk 1:18:25]} 18. Nc1
{[%clk 0:51:38]} c5 {[%clk 1:04:30]} 19. Rxb5 {[%clk 0:43:41]} Qc6
{[%clk 1:02:43]} 20. bxc5 {[%clk 0:40:08]} Nxe4 {[%clk 0:56:47]} 21. Qb4
{[%clk 0:39:25]} Nexc5 {[%clk 0:40:41]} 22. Bxc5 {[%clk 0:32:34]} Nxc5 23. Rxc5
{[%clk 0:31:41]} Qd6 {[%clk 0:40:32]} 24. Ng5 {[%clk 0:16:01]} Bd5
{[%clk 0:30:38]} 25. Qa3 {[%clk 0:09:37]} Bf8 {[%clk 0:22:28]} 26. Raa5
{[%clk 0:07:24]} Qf6 {[%clk 0:21:26]} 27. c4 {[%clk 0:05:34]} Bxg2
{[%clk 0:16:53]} 28. h4 {[%clk 0:03:07]} Bb7 {[%clk 0:12:00]} 29. Qc3
{[%clk 0:01:48]} Bxc5 {[%clk 0:11:48]} 30. Rxc5 {[%clk 0:01:52]} Qf4
{[%clk 0:11:30]} 31. Be2 {[%clk 0:00:36]} Qxh4 {[%clk 0:10:58]} 32. Nh3
{[%clk 0:00:35]} Bc8 {[%clk 0:09:25]} 33. Kg2 {[%clk 0:00:34]} e4
{[%clk 0:08:51]} 0-1